Invitation à la Polka Mazur 277s Werk : für das Piano-forte /

Hlavní autor: Strauss, Johann, 1825-1899
Jazyk: Nelze použít, není lingvistický obsah
Vydáno: Wien : Carl Haslinger qm. Tobias, k.k. Hof- u. pr. Kunst- u. Musikalienhändler, [1863?]
Fyzický popis: 1 partitura (7 s.)
Hudebniny Hudebniny
Uloženo v:
LEADER 00827ncm a22002172a 4500
001 001269933
003 CZ BrMZK
005 20160308101152.0
007 qu
008 121207s1863 au |||||||||||||||||zxx d
040 |a BOA001  |b cze 
072 7 |a 786  |x Hudba pro klávesové nástroje  |2 Konspekt  |9 9 
100 1 |a Strauss, Johann,  |d 1825-1899  |7 jn19990008309  |4 cmp 
245 1 0 |a Invitation à la Polka Mazur  |h [hudebnina] :  |b 277s Werk : für das Piano-forte /  |c von Johann Strauss 
260 |a Wien :  |b Carl Haslinger qm. Tobias, k.k. Hof- u. pr. Kunst- u. Musikalienhändler,  |c [1863?] 
300 |a 1 partitura (7 s.) 
500 |a Tisk vtlačenou plotnou, č. 13,061 
910 |a BOA001  |b Mus4-0217.499 
990 |a MU 
991 |b 201212 k 
996 6 |b 2619513721  |c Mus4-0217.499  |l MZK  |r Sklad / do 1 hodiny  |n 0  |w 001304116  |u 000010  |a 1  |e BOA001  |j MZK50  |s P